000 00199 a2200097 4500
001 26012
100 _aNiordson, F
245 _aDynamics of rotors
260 _a
_bSpringer
_c
090 _c17607
_d17607
942 _aNUST-CAE
_cM
_c8455
999 _c261085
_d261085